000 00851cab a2200241 4500
001 ABS47374
008 090401t1992 xxu||||| |||| 00| 0 eng d
035 _a(Sirsi) u61767
041 _aeng
100 _aStewart, A.
245 _aJudgement ways
260 _c1992
350 _a0
490 _aBuilding
_v257(7770) 13 November 1992, 36-37(2)
520 _aExamines the pros and cons of alternative dispute resolution.
650 _aMANAGEMENT-DISPUTE AVOIDANCE, MANAGEMENT AND RESOLUTION-DISPUTE MANAGEMENT AND RESOLUTION-ALTERNATIVE DISPUTE RESOLUTION-ADJUDICATION
650 _aALTERNATIVE DISPUTE RESOLUTION
650 _aCENTRE FOR DISPUTE RESOLUTION
650 _aMEDIATION
690 _aMANAGEMENT-DISPUTE AVOIDANCE, MANAGEMENT AND RESOLUTION-DISPUTE MANAGEMENT AND RESOLUTION-ARBITRATION
942 _n0
948 _c04/03/1997
999 _c38308
_d38308